000 00472nam a2200193Ia 4500
005 20240823053104.0
008 240823s9999||||xx |||||||||||||| ||und||
020 _a978-1-4200-4569-7
041 _aENGLISH
082 _A005.12 Q5
100 _aAnthony J Lattanze
245 0 _aArchitecting Software Intensive Systems
250 _a1st
260 _c2015
_bCRC Taylor&Fr
500 _aYES
650 _aSoftware
_bComputer Science
942 _cBK
999 _c223371
_d223371